| 000 | 00370nam a2200133Ia 4500 | ||
|---|---|---|---|
| 008 | 150201s2011 xx 000 0 und d | ||
| 082 |
_a621.4021 _bRAT |
||
| 100 | _aRathakrishnan,Ethirajan | ||
| 245 | _aFundamentals of engineering thermodynamics | ||
| 250 | _a2nd Ed. | ||
| 260 |
_bPHI Learning Private Limited _aNew Delhi _c2011 |
||
| 300 | _a696p. | ||
| 942 |
_2ddc _cBK _01 |
||
| 999 |
_c5734 _d5734 |
||